1096 1051 1961 1100 1251 1305 1454 1666 1361 1168 1064 1718 1793 1705 1713 1193 1692 1896 1459 1015 1336 1393 1713 1715 1352 1358 1364 1598 1622 1357 1356 1142 1796 1701 1033 1967 1035 1161 1418 1822 1758 1186 1257 1278 1088 1212 1186 1492 1393 1237 1909 1797 1563 1693 1834 1751 1695 1714 1723 1831 1627 1255 1398 1795 1940 1219 1235 1792 1975 1779 1999 1400 1468 1645 1106 1001 1519 1547 1003 1710 1374 1791 1945 1407 1067 1727 1715 1760 1241 1373 1881 1080 1631 1317 1970 1578 1955 1953 1953 BCNSPRNW ULIB Ver.6.0+V

เปลี่ยนเป็นภาษาไทย

Change to English
 แสดงรายละเอียดบรรณานุกรม
  กลับหน้าหลัก

Brief Record : Get Marc (ISO 2709) : E-mail record : QR code < ปิดหน้าต่าง
LEADER : 00000nam 2200000uu 4500
001    13399112357
003     ULIB
008    110805s2545||||th 000 0 tha d
020    9749073657
050  4 LB1051^bพ273จ 2545
100 0  พรรณี ชูทัย เจนจิต
245 10 จิตวิทยาการเรียนการสอน /^cพรรณี ชูทัย เจนจิต
250    พิมพ์ครั้งที่ 5
260    กรุงเทพฯ :^bเมธีทิปส์,^c2545
300    352 หน้า :^bภาพประกอบ ;^c26 ซม
650  0 Educational psychology
650  4 จิตวิทยา
650  4 จิตวิทยาการศึกษา
945    ^p320^l0^i019674
995    ทศพร
999 ^a ทศพร
รายการนี้ยังไม่มีแท็ก
คุณยังไม่ได้ล็อกอิน คุณสามารถมีกิจกรรมร่วมกับเว็บไซต์ได้ แต่ต้องล็อกอินก่อน ::
  ล็อกอิน

รายการสื่อสารสนเทศ

ลำดับที่ ประเภท เลขเรียก/บาร์โค้ด สถานที่ สถานะ
- ไม่พบข้อมูล -

รายการใกล้เคียง
    หัวเรื่อง [จิตวิทยา]
    หัวเรื่อง [จิตวิทยาการศึกษา]

BibComment


ยังไม่เคยถูกคอมเมนท์

คอมเมนท์ทรัพยากรรายการนี้
  คอมเมนท์: จิตวิทยาการเรียนก..


 Copyright 2026. Bcnsprnw @Library